Kesavan`s Lamentations: A Noval (Record no. 104822)

MARC details
000 -LEADER
fixed length control field 00399nam a2200133Ia 4500
008 - FIXED-LENGTH DATA ELEMENTS--GENERAL INFORMATION
fixed length control field 211119s9999||||xx |||||||||||||| ||und||
082 ## - DEWEY DECIMAL CLASSIFICATION NUMBER
Classification number 823
Item number MUK-K
100 ## - MAIN ENTRY--PERSONAL NAME
Personal name Mukundan, M
245 #0 - TITLE STATEMENT
Title Kesavan`s Lamentations: A Noval
260 ## - PUBLICATION, DISTRIBUTION, ETC.
Name of publisher, distributor, etc. Rupa & Co
Place of publication, distribution, etc. Bangalore
Date of publication, distribution, etc. 2006
300 ## - PHYSICAL DESCRIPTION
Extent 232p
650 ## - SUBJECT ADDED ENTRY--TOPICAL TERM
Topical term or geographic name entry element English Literature
942 ## - ADDED ENTRY ELEMENTS (KOHA)
Koha item type BOOK
650 ## - SUBJECT ADDED ENTRY--TOPICAL TERM
Form subdivision English FictionEnglish NovelShort StoriesEnglish
General subdivision General Stack
Holdings
Withdrawn status Lost status Damaged status Not for loan Home library Current library Date acquired Cost, normal purchase price Total Checkouts Full call number Barcode Shelving location Date last seen Price effective from Koha item type
        SB LIBRARY SB LIBRARY 19/11/2021 195.00   823 MUK-K 00118173 GENERAL STACK 19/11/2021 19/11/2021 BOOK

Powered by Koha